[Event "Bundesliga 0102"]
[Site "Deutschland"]
[Date "2002.04.28"]
[Round "15.6"]
[White "Dinstuhl, Volkmar"]
[Black "Rowson, Jonathan"]
[Result "1/2-1/2"]
[WhiteElo "2402"]
[BlackElo "2514"]
[PlyCount "236"]
[EventDate "2001.10.06"]
[EventType "team"]
[EventRounds "15"]
[EventCountry "GER"]
[SourceTitle "Bundesliga 0102"]
[Source "DeepChess"]
[SourceDate "2005.01.01"]
[SourceVersion "1"]
[SourceVersionDate "2005.01.01"]
[SourceQuality "1"]
[WhiteTeam "SV Castrop Rauxel 1923"]
[BlackTeam "SG 1868 Aljech. Solingen"]
[WhiteTeamCountry "GER"]
[BlackTeamCountry "GER"]

1. Nf3 d5 2. d4 Nf6 3. c4 dxc4 4. e3 e6 5. Bxc4 c5 6. Qe2 a6 7. dxc5 Bxc5 8.
O-O b5 9. Bd3 Nbd7 10. Nbd2 Be7 11. Nb3 Bb7 12. Bd2 Bxf3 13. gxf3 Ne5 14. Be4
Nxe4 15. fxe4 Qd3 16. Qxd3 Nxd3 17. Bc3 Bf6 18. Nd4 b4 19. Bd2 O-O 20. a3 a5
21. axb4 axb4 22. Nc6 b3 23. e5 Nxe5 24. Nd4 Nd3 25. Nxb3 Rab8 26. Na5 Rxb2 27.
Nc4 Rc2 28. Ra4 Nc5 29. Rb4 Nd3 30. Ra4 Nc5 31. Rb4 h6 32. Be1 Rd8 33. Na3 Ra2
34. Nb1 Rd1 35. Bc3 Rxf1+ 36. Kxf1 Nd3 37. Rb8+ Kh7 38. Bd2 Bh4 39. f3 Bf6 40.
Ke2 Ne5 41. Rb4 Nc6 42. Rc4 Ne7 43. Nc3 Bxc3 44. Rxc3 Nd5 45. Rb3 Kg6 46. Rb7
Nf6 47. Rb5 Nh7 48. Rb7 Ng5 49. Rd7 e5 50. Rd6+ f6 51. h4 Nf7 52. Rd7 h5 53. e4
Ra8 54. Bb4 Nd8 55. Rd6 Kf7 56. Rd7+ Kg8 57. Rd6 Nf7 58. Rd7 Nh8 59. Be1 Ng6
60. Bg3 Ra2+ 61. Kf1 Nf8 62. Re7 Ra6 63. Rb7 Ra3 64. Kg2 Ne6 65. Rb2 Kf7 66.
Rb7+ Kg8 67. Rb2 Kh7 68. Rd2 Nd4 69. Rf2 Re3 70. Rf1 Kg8 71. Bh2 Re2+ 72. Kh1
Kf7 73. Bg1 Nb3 74. Rb1 Nd2 75. Rb2 Kg6 76. Bh2 Kh6 77. Rc2 Re1+ 78. Kg2 Nb3
79. Bg1 Rd1 80. Be3+ Kg6 81. Ra2 Ra1 82. Rb2 Na5 83. Rc2 Ra4 84. Rc7 Rc4 85.
Ra7 Nc6 86. Rd7 Rc2+ 87. Kg3 Na5 88. Bb6 Nc4 89. Bc5 Nd2 90. Bf2 Nb3 91. Be3
Re2 92. Rd3 Rb2 93. Rd7 Nd4 94. Bxd4 Rd2 95. Rd5 Rxd4 96. Ra5 Rd7 97. Ra6 Rb7
98. Rc6 Kf7 99. Ra6 Re7 100. Rb6 Re6 101. Rb7+ Kg6 102. Ra7 Rb6 103. Rc7 Kh6
104. Re7 Kh7 105. Kh3 Kg8 106. Kg3 Kf8 107. Ra7 Re6 108. Rb7 Re7 109. Rb8+ Kf7
110. Rb6 Ra7 111. Rc6 g6 112. Rb6 Kg7 113. Re6 Kf7 114. Rb6 Re7 115. Ra6 Kg7
116. Kf2 f5 117. exf5 gxf5 118. Ke3 e4 1/2-1/2

[Event "Bundesliga 0102"]
[Site "Deutschland"]
[Date "2002.04.28"]
[Round "15.7"]
[White "Naumann, Alexander"]
[Black "Hennig, Dirk"]
[Result "1-0"]
[WhiteElo "2480"]
[BlackElo "2428"]
[PlyCount "85"]
[EventDate "2001.10.06"]
[EventType "team"]
[EventRounds "15"]
[EventCountry "GER"]
[SourceTitle "Bundesliga 0102"]
[Source "DeepChess"]
[SourceDate "2005.01.01"]
[SourceVersion "1"]
[SourceVersionDate "2005.01.01"]
[SourceQuality "1"]
[WhiteTeam "SG 1868 Aljech. Solingen"]
[BlackTeam "SV Castrop Rauxel 1923"]
[WhiteTeamCountry "GER"]
[BlackTeamCountry "GER"]

1. e4 g6 2. d4 Bg7 3. Nf3 c6 4. c4 d5 5. exd5 cxd5 6. Nc3 Nf6 7. Qb3 O-O 8.
cxd5 Nbd7 9. Bc4 Nb6 10. O-O Nxc4 11. Qxc4 Ne8 12. Bg5 Nd6 13. Qb3 Bg4 14. Ne5
Bf5 15. Bh4 g5 16. Bg3 Rc8 17. Rfe1 Kh8 18. h4 gxh4 19. Bxh4 f6 20. Nf3 Bh6 21.
Bg3 Rg8 22. Nh4 Bd3 23. Qd1 Bg6 24. Qe2 Rg7 25. Nxg6+ hxg6 26. Qd3 Nf5 27. Re6
Rh7 28. d6 exd6 29. Rae1 Rf7 30. Nb5 Bf8 31. Nxa7 Ra8 32. Nb5 Qa5 33. a3 Nxg3
34. fxg3 Kg7 35. g4 Rc8 36. g5 f5 37. Nc3 Qd8 38. Qg3 Be7 39. Nd5 Bxg5 40. Rxd6
Qf8 41. Ree6 Rc1+ 42. Kf2 Rc2+ 43. Kf3 1-0

[Event "Bundesliga 0102"]
[Site "Deutschland"]
[Date "2002.04.28"]
[Round "15.8"]
[White "Brendel, Oliver"]
[Black "Schaefer, Markus"]
[Result "1/2-1/2"]
[WhiteElo "2376"]
[BlackElo "2403"]
[PlyCount "44"]
[EventDate "2001.10.06"]
[EventType "team"]
[EventRounds "15"]
[EventCountry "GER"]
[SourceTitle "Bundesliga 0102"]
[Source "DeepChess"]
[SourceDate "2005.01.01"]
[SourceVersion "1"]
[SourceVersionDate "2005.01.01"]
[SourceQuality "1"]
[WhiteTeam "SV Castrop Rauxel 1923"]
[BlackTeam "SG 1868 Aljech. Solingen"]
[WhiteTeamCountry "GER"]
[BlackTeamCountry "GER"]

1. e4 e6 2. d3 d5 3. Nd2 Nc6 4. Ngf3 Nf6 5. c3 a5 6. e5 Nd7 7. d4 f6 8. Bb5
fxe5 9. dxe5 Be7 10. Nd4 Nxd4 11. cxd4 O-O 12. Qg4 Rf7 13. Nf3 c5 14. Be3 a4
15. Bd3 a3 16. b3 cxd4 17. Bxd4 Qa5+ 18. Kf1 Nc5 19. Bc2 Bd7 20. h4 Ne4 21. Ng5
h5 22. Qd1 Bxg5 1/2-1/2

[Event "Bundesliga 0102"]
[Site "Deutschland"]
[Date "2002.04.28"]
[Round "15.1"]
[White "Khenkin, Igor"]
[Black "Lutz, Christopher"]
[Result "1/2-1/2"]
[WhiteElo "2579"]
[BlackElo "2643"]
[PlyCount "59"]
[EventDate "2001.10.06"]
[EventType "team"]
[EventRounds "15"]
[EventCountry "GER"]
[SourceTitle "Bundesliga 0102"]
[Source "DeepChess"]
[SourceDate "2005.01.01"]
[SourceVersion "1"]
[SourceVersionDate "2005.01.01"]
[SourceQuality "1"]
[WhiteTeam "TV Tegernsee"]
[BlackTeam "SG Porz e.V."]
[WhiteTeamCountry "GER"]
[BlackTeamCountry "GER"]

1. d4 Nf6 2. c4 e6 3. Nf3 b6 4. a3 Ba6 5. Qc2 Bb7 6. Nc3 c5 7. e4 cxd4 8. Nxd4
Bc5 9. Nb3 Nc6 10. Bg5 Nd4 11. Nxd4 Bxd4 12. Bd3 Qb8 13. Ne2 Bc5 14. Qc3 Be7
15. e5 Ne4 16. Bxe4 Bxg5 17. Qf3 Bxe4 18. Qxe4 O-O 19. Rd1 Qc7 20. h4 Be7 21.
Rh3 Rac8 22. Rhd3 Rfd8 23. g3 h6 24. Kf1 a6 25. Nf4 Bf8 26. h5 Be7 27. Kg2 Bf8
28. Kf3 Be7 29. Kg2 Bf8 30. f3 1/2-1/2

[Event "Bundesliga 0102"]
[Site "Deutschland"]
[Date "2002.04.28"]
[Round "15.2"]
[White "Vaganian, Rafael A"]
[Black "Ribli, Zoltan"]
[Result "1/2-1/2"]
[WhiteElo "2650"]
[BlackElo "2564"]
[PlyCount "56"]
[EventDate "2001.10.06"]
[EventType "team"]
[EventRounds "15"]
[EventCountry "GER"]
[SourceTitle "Bundesliga 0102"]
[Source "DeepChess"]
[SourceDate "2005.01.01"]
[SourceVersion "1"]
[SourceVersionDate "2005.01.01"]
[SourceQuality "1"]
[WhiteTeam "SG Porz e.V."]
[BlackTeam "TV Tegernsee"]
[WhiteTeamCountry "GER"]
[BlackTeamCountry "GER"]

1. d4 Nf6 2. c4 e6 3. g3 d5 4. Bg2 Be7 5. Nf3 O-O 6. O-O dxc4 7. Qc2 a6 8. a4
Bd7 9. Qxc4 Bc6 10. Bg5 a5 11. Nc3 Na6 12. Bxf6 Bxf6 13. e4 Nb4 14. Rad1 b6 15.
d5 exd5 16. exd5 Bb7 17. Nd4 Bxd4 18. Rxd4 Ba6 19. Nb5 Qf6 20. Rfd1 Rac8 21.
Qc3 Bxb5 22. axb5 Qd6 23. Rg4 g6 24. h4 h5 25. Rg5 c6 26. Qf3 cxd5 27. Qxh5 Qf6
28. Rd2 Rce8 1/2-1/2

[Event "Bundesliga 0102"]
[Site "Deutschland"]
[Date "2002.04.28"]
[Round "15.3"]
[White "Sokolov, Andrei"]
[Black "Andersson, Ulf"]
[Result "1/2-1/2"]
[WhiteElo "2604"]
[BlackElo "2601"]
[PlyCount "41"]
[EventDate "2001.10.06"]
[EventType "team"]
[EventRounds "15"]
[EventCountry "GER"]
[SourceTitle "Bundesliga 0102"]
[Source "DeepChess"]
[SourceDate "2005.01.01"]
[SourceVersion "1"]
[SourceVersionDate "2005.01.01"]
[SourceQuality "1"]
[WhiteTeam "TV Tegernsee"]
[BlackTeam "SG Porz e.V."]
[WhiteTeamCountry "GER"]
[BlackTeamCountry "GER"]

1. e4 c5 2. Nf3 e6 3. d4 cxd4 4. Nxd4 Nc6 5. Nc3 a6 6. Be2 Qc7 7. O-O Nf6 8.
Be3 Be7 9. f4 d6 10. a4 O-O 11. Kh1 Re8 12. Bg1 Nxd4 13. Qxd4 e5 14. Qd3 exf4
15. Rxf4 Be6 16. Raf1 Rac8 17. Bd4 Nd7 18. Bg4 Ne5 19. Bxe6 fxe6 20. Qg3 Rf8
21. Rxf8+ 1/2-1/2

[Event "Bundesliga 0102"]
[Site "Deutschland"]
[Date "2002.04.28"]
[Round "15.4"]
[White "Hansen, Curt"]
[Black "Hertneck, Gerald"]
[Result "1/2-1/2"]
[WhiteElo "2626"]
[BlackElo "2572"]
[PlyCount "80"]
[EventDate "2001.10.06"]
[EventType "team"]
[EventRounds "15"]
[EventCountry "GER"]
[SourceTitle "Bundesliga 0102"]
[Source "DeepChess"]
[SourceDate "2005.01.01"]
[SourceVersion "1"]
[SourceVersionDate "2005.01.01"]
[SourceQuality "1"]
[WhiteTeam "SG Porz e.V."]
[BlackTeam "TV Tegernsee"]
[WhiteTeamCountry "GER"]
[BlackTeamCountry "GER"]

1. c4 e5 2. g3 Nf6 3. Bg2 d5 4. cxd5 Nxd5 5. Nc3 Nb6 6. Nf3 Nc6 7. O-O Be7 8.
d3 O-O 9. Be3 Re8 10. Rc1 Bf8 11. Ne4 Nd4 12. Nc5 Nxf3+ 13. Bxf3 c6 14. Qb3
Bxc5 15. Bxc5 Be6 16. Qb4 Qd7 17. Rfd1 Nd5 18. Qa4 Nf6 19. b3 Bg4 20. Bxg4 Nxg4
21. f3 Nf6 22. Bf2 h5 23. Kg2 Re6 24. h4 Nd5 25. e4 Nc7 26. d4 Rd6 27. Rc5 Re8
28. d5 Qd8 29. Qxa7 Na6 30. Qxb7 Nxc5 31. Bxc5 Rg6 32. d6 Qxh4 33. Bf2 Qf6 34.
d7 Rd8 35. Qc7 h4 36. a4 Kh7 37. Rh1 Qe7 38. Rd1 Qf6 39. Rh1 Qe7 40. Rd1 Qf6
1/2-1/2

[Event "Bundesliga 0102"]
[Site "Deutschland"]
[Date "2002.04.28"]
[Round "15.5"]
[White "Nataf, Igor Alexandre"]
[Black "Graf, Alexander"]
[Result "1-0"]
[WhiteElo "2527"]
[BlackElo "2610"]
[PlyCount "77"]
[EventDate "2001.10.06"]
[EventType "team"]
[EventRounds "15"]
[EventCountry "GER"]
[SourceTitle "Bundesliga 0102"]
[Source "DeepChess"]
[SourceDate "2005.01.01"]
[SourceVersion "1"]
[SourceVersionDate "2005.01.01"]
[SourceQuality "1"]
[WhiteTeam "TV Tegernsee"]
[BlackTeam "SG Porz e.V."]
[WhiteTeamCountry "GER"]
[BlackTeamCountry "GER"]

1. e4 e6 2. d4 d5 3. Nc3 Nf6 4. Bg5 Be7 5. e5 Nfd7 6. h4 Bxg5 7. hxg5 Qxg5 8.
Qd3 Nf8 9. Nf3 Qe7 10. O-O-O b6 11. Nh4 Bb7 12. f4 Nc6 13. Qg3 f5 14. Nxd5 exd5
15. Nxf5 Qf7 16. Nxg7+ Kd8 17. f5 Kc8 18. Be2 Kb8 19. Bh5 Ng6 20. f6 Rg8 21.
Bf3 Nf8 22. Rh6 Nd8 23. Qh4 Bc8 24. Bh5 Qd7 25. Be8 Qg4 26. Qxg4 Bxg4 27. Rf1
Kb7 28. Rh4 Bc8 29. Bh5 Bd7 30. Bf3 c6 31. c4 Nde6 32. Nf5 dxc4 33. d5 cxd5 34.
Bxd5+ Kb8 35. Ne7 Rg5 36. Bxa8 Kxa8 37. Rxc4 Rxe5 38. Rg4 Kb7 39. Rg8 1-0

[Event "Bundesliga 0102"]
[Site "Deutschland"]
[Date "2002.04.28"]
[Round "15.6"]
[White "Van den Doel, Erik"]
[Black "Teske, Henrik"]
[Result "1/2-1/2"]
[WhiteElo "2607"]
[BlackElo "2486"]
[PlyCount "65"]
[EventDate "2001.10.06"]
[EventType "team"]
[EventRounds "15"]
[EventCountry "GER"]
[SourceTitle "Bundesliga 0102"]
[Source "DeepChess"]
[SourceDate "2005.01.01"]
[SourceVersion "1"]
[SourceVersionDate "2005.01.01"]
[SourceQuality "1"]
[WhiteTeam "SG Porz e.V."]
[BlackTeam "TV Tegernsee"]
[WhiteTeamCountry "GER"]
[BlackTeamCountry "GER"]

1. e4 c5 2. Nf3 Nc6 3. d4 cxd4 4. Nxd4 Qc7 5. Nc3 e6 6. Be2 a6 7. O-O Nf6 8.
Be3 Bb4 9. Na4 O-O 10. Nxc6 bxc6 11. Nb6 Rb8 12. Nxc8 Rfxc8 13. Bxa6 Rd8 14.
Bd3 Bd6 15. f4 e5 16. b3 exf4 17. Bd4 f3 18. e5 Bxe5 19. Bxe5 Qxe5 20. Qxf3 d5
21. a4 c5 22. Qf4 Qe7 23. a5 Rb4 24. Qf2 Ng4 25. Rae1 Qc7 26. Qh4 Nf6 27. c4
Rxb3 28. Bb1 Qxa5 29. Rxf6 Rxb1 30. Rxb1 gxf6 31. Qxf6 dxc4 32. Qg5+ Kh8 33.
Qf6+ 1/2-1/2

[Event "Bundesliga 0102"]
[Site "Deutschland"]
[Date "2002.04.28"]
[Round "15.7"]
[White "Stangl, Markus"]
[Black "Bauer, Christian"]
[Result "1/2-1/2"]
[WhiteElo "2457"]
[BlackElo "2576"]
[PlyCount "52"]
[EventDate "2001.10.06"]
[EventType "team"]
[EventRounds "15"]
[EventCountry "GER"]
[SourceTitle "Bundesliga 0102"]
[Source "DeepChess"]
[SourceDate "2005.01.01"]
[SourceVersion "1"]
[SourceVersionDate "2005.01.01"]
[SourceQuality "1"]
[WhiteTeam "TV Tegernsee"]
[BlackTeam "SG Porz e.V."]
[WhiteTeamCountry "GER"]
[BlackTeamCountry "GER"]

1. Nf3 d5 2. c4 d4 3. g3 g6 4. Bg2 Bg7 5. O-O e5 6. d3 Ne7 7. Na3 O-O 8. Nc2
Na6 9. b4 c6 10. a4 Nc7 11. b5 c5 12. Rb1 b6 13. e3 dxe3 14. Nxe3 Rb8 15. Bb2
f6 16. a5 Ne6 17. axb6 axb6 18. Ra1 Qd7 19. Ra3 Bb7 20. Qa1 Nd4 21. Nxd4 exd4
22. Bxb7 Rxb7 23. Nc2 g5 24. Ra8 Ng6 25. f4 g4 26. Re1 Kf7 1/2-1/2

[Event "Bundesliga 0102"]
[Site "Deutschland"]
[Date "2002.04.28"]
[Round "15.8"]
[White "Nijboer, Friso"]
[Black "Gross, David2"]
[Result "1-0"]
[WhiteElo "2551"]
[BlackElo "2463"]
[PlyCount "80"]
[EventDate "2001.10.06"]
[EventType "team"]
[EventRounds "15"]
[EventCountry "GER"]
[SourceTitle "Bundesliga 0102"]
[Source "DeepChess"]
[SourceDate "2005.01.01"]
[SourceVersion "1"]
[SourceVersionDate "2005.01.01"]
[SourceQuality "1"]
[WhiteTeam "SG Porz e.V."]
[BlackTeam "TV Tegernsee"]
[WhiteTeamCountry "GER"]
[BlackTeamCountry "GER"]

1. e4 e5 2. Nf3 Nc6 3. Bb5 Nf6 4. O-O Nxe4 5. d4 Nd6 6. Bxc6 dxc6 7. dxe5 Nf5
8. Qxd8+ Kxd8 9. Nc3 Bd7 10. Rd1 Kc8 11. Ng5 Be8 12. b3 b6 13. Bb2 Be7 14. Nh3
Bd7 15. Ne4 h6 16. Nf4 Rd8 17. h3 g6 18. g4 Ng7 19. Ng2 h5 20. f3 hxg4 21. hxg4
Kb7 22. Kf2 Ne6 23. Ke3 a5 24. a4 c5 25. Nf4 Nxf4 26. Kxf4 Be6 27. c4 Rxd1 28.
Rxd1 Rh8 29. Kg3 c6 30. Bc1 b5 31. Bg5 Bxg5 32. Nxg5 Re8 33. Ne4 Kc7 34. axb5
a4 35. bxa4 cxb5 36. cxb5 Bb3 37. Rc1 Bxa4 38. Rxc5+ Kb6 39. Nd6 Kxc5 40. Nxe8
Kd5 1-0

[Event "Bundesliga 0102"]
[Site "Deutschland"]
[Date "2002.04.28"]
[Round "15.1"]
[White "Van Mil, Johannes A J"]
[Black "Aronian, Levon"]
[Result "0-1"]
[WhiteElo "2416"]
[BlackElo "2562"]
[PlyCount "72"]
[EventDate "2001.10.06"]
[EventType "team"]
[EventRounds "15"]
[EventCountry "GER"]
[SourceTitle "Bundesliga 0102"]
[Source "DeepChess"]
[SourceDate "2005.01.01"]
[SourceVersion "1"]
[SourceVersionDate "2005.01.01"]
[SourceQuality "1"]
[WhiteTeam "SGEM Heiligenhaus 1937 e. V."]
[BlackTeam "SV Wattenscheid 1930"]
[WhiteTeamCountry "GER"]
[BlackTeamCountry "GER"]

1. e4 c5 2. Nc3 g6 3. Nf3 Bg7 4. d4 cxd4 5. Nxd4 Nc6 6. Be3 Nf6 7. Nb3 O-O 8.
Be2 d6 9. O-O Be6 10. f4 Na5 11. Nxa5 Qxa5 12. a3 Rac8 13. Bf3 Nd7 14. Bd4
Bxd4+ 15. Qxd4 Qb6 16. Qxb6 Nxb6 17. Rf2 Rc5 18. Nd1 d5 19. e5 Nc4 20. c3 Rd8
21. b3 Nb6 22. Rd2 Nd7 23. Kf2 Rcc8 24. b4 f6 25. exf6 Nxf6 26. Rd4 Bg4 27. Rc1
b5 28. Bxg4 Nxg4+ 29. Kf3 Nf6 30. Nf2 Rd6 31. g4 e6 32. Rd3 Rdc6 33. g5 Nh5 34.
Ng4 Rc4 35. Nf6+ Nxf6 36. gxf6 Kf7 0-1

[Event "Bundesliga 0102"]
[Site "Deutschland"]
[Date "2002.04.28"]
[Round "15.2"]
[White "Nielsen, Peter Heine"]
[Black "Solleveld, Maarten"]
[Result "1-0"]
[WhiteElo "2593"]
[BlackElo "2427"]
[PlyCount "81"]
[EventDate "2001.10.06"]
[EventType "team"]
[EventRounds "15"]
[EventCountry "GER"]
[SourceTitle "Bundesliga 0102"]
[Source "DeepChess"]
[SourceDate "2005.01.01"]
[SourceVersion "1"]
[SourceVersionDate "2005.01.01"]
[SourceQuality "1"]
[WhiteTeam "SV Wattenscheid 1930"]
[BlackTeam "SGEM Heiligenhaus 1937 e. V."]
[WhiteTeamCountry "GER"]
[BlackTeamCountry "GER"]

1. d4 Nf6 2. c4 g6 3. Nc3 Bg7 4. e4 d6 5. Nf3 O-O 6. Be2 e5 7. O-O Nc6 8. d5
Ne7 9. Ne1 Nd7 10. Be3 f5 11. f3 f4 12. Bf2 g5 13. a4 Ng6 14. a5 Rf7 15. b4 Bf8
16. c5 dxc5 17. d6 Bxd6 18. Bc4 cxb4 19. Nb5 Ndf8 20. Qb3 Qe7 21. Bxf7+ Qxf7
22. Qxf7+ Kxf7 23. Nd3 b3 24. Rfc1 Ne6 25. Rab1 b6 26. axb6 axb6 27. Bxb6 Ba6
28. Nxd6+ cxd6 29. Rxb3 Rb8 30. Rcc3 Bxd3 31. Rxd3 Ne7 32. Ba5 Ra8 33. Ra3 Nc5
34. Rd1 Nc6 35. Bb4 Rb8 36. Bxc5 dxc5 37. Rc3 Rb5 38. Rdc1 Nd4 39. Rxc5 Rb2 40.
Ra1 g4 41. Rc7+ 1-0

[Event "Bundesliga 0102"]
[Site "Deutschland"]
[Date "2002.04.28"]
[Round "15.3"]
[White "Berkvens, Joost"]
[Black "Hall, Jesper"]
[Result "1/2-1/2"]
[WhiteElo "2444"]
[BlackElo "2501"]
[PlyCount "45"]
[EventDate "2001.10.06"]
[EventType "team"]
[EventRounds "15"]
[EventCountry "GER"]
[SourceTitle "Bundesliga 0102"]
[Source "DeepChess"]
[SourceDate "2005.01.01"]
[SourceVersion "1"]
[SourceVersionDate "2005.01.01"]
[SourceQuality "1"]
[WhiteTeam "SGEM Heiligenhaus 1937 e. V."]
[BlackTeam "SV Wattenscheid 1930"]
[WhiteTeamCountry "GER"]
[BlackTeamCountry "GER"]

1. d4 Nf6 2. c4 e6 3. Nc3 Bb4 4. e3 c5 5. Nge2 cxd4 6. exd4 d5 7. a3 Be7 8. Nf4
Nc6 9. Be3 O-O 10. cxd5 Nxd5 11. Ncxd5 exd5 12. Bd3 Bf6 13. O-O g6 14. Rc1 Qd6
15. Qf3 Ne7 16. Bb1 Rd8 17. Rc5 b6 18. Nxd5 Nxd5 19. Rxd5 Qxd5 20. Be4 Qe6 21.
Bxa8 Bxd4 22. Rd1 Bf6 23. Rxd8+ 1/2-1/2

[Event "Bundesliga 0102"]
[Site "Deutschland"]
[Date "2002.04.28"]
[Round "15.4"]
[White "Holzke, Frank"]
[Black "Schmitz, Andreas Arnold"]
[Result "1-0"]
[WhiteElo "2468"]
[BlackElo "2185"]
[PlyCount "103"]
[EventDate "2001.10.06"]
[EventType "team"]
[EventRounds "15"]
[EventCountry "GER"]
[SourceTitle "Bundesliga 0102"]
[Source "DeepChess"]
[SourceDate "2005.01.01"]
[SourceVersion "1"]
[SourceVersionDate "2005.01.01"]
[SourceQuality "1"]
[WhiteTeam "SV Wattenscheid 1930"]
[BlackTeam "SGEM Heiligenhaus 1937 e. V."]
[WhiteTeamCountry "GER"]
[BlackTeamCountry "GER"]

1. e4 e6 2. d4 d5 3. Nd2 Nf6 4. e5 Nfd7 5. Bd3 c5 6. c3 Nc6 7. Ne2 Qb6 8. Nf3
f6 9. exf6 Nxf6 10. O-O cxd4 11. cxd4 Bd6 12. b3 e5 13. dxe5 Nxe5 14. Nxe5 Bxe5
15. Rb1 O-O 16. Bf4 Bxf4 17. Nxf4 Kh8 18. Qf3 Bg4 19. Qg3 Qd4 20. Rbe1 Rae8 21.
h3 Nh5 22. Rxe8 Rxe8 23. Nxh5 Bxh5 24. Bb5 Rc8 25. Bd7 Rf8 26. Re1 Qc5 27. Re5
Bg6 28. Qh4 h6 29. Qg3 Be4 30. Be6 Qc1+ 31. Kh2 Qf4 32. Qxf4 Rxf4 33. f3 Bb1
34. Bxd5 Bxa2 35. Re8+ Kh7 36. Be4+ Rxe4 37. fxe4 Bxb3 38. Re7 Bc2 39. Rxb7
Bxe4 40. Rxa7 Bg6 41. Re7 Bc2 42. Kg3 Kg6 43. h4 Kf6 44. Rb7 Bd1 45. Rb6+ Kf5
46. Rb5+ Kg6 47. Kf4 h5 48. Rb6+ Kh7 49. Kg5 Be2 50. Rd6 Bg4 51. Rd2 g6 52. Ra2
1-0

[Event "Bundesliga 0102"]
[Site "Deutschland"]
[Date "2002.04.28"]
[Round "15.5"]
[White "Lindner, Arnd"]
[Black "Handke, Florian"]
[Result "0-1"]
[WhiteElo "2120"]
[BlackElo "2384"]
[PlyCount "100"]
[EventDate "2001.10.06"]
[EventType "team"]
[EventRounds "15"]
[EventCountry "GER"]
[SourceTitle "Bundesliga 0102"]
[Source "DeepChess"]
[SourceDate "2005.01.01"]
[SourceVersion "1"]
[SourceVersionDate "2005.01.01"]
[SourceQuality "1"]
[WhiteTeam "SGEM Heiligenhaus 1937 e. V."]
[BlackTeam "SV Wattenscheid 1930"]
[WhiteTeamCountry "GER"]
[BlackTeamCountry "GER"]

1. d4 Nf6 2. c4 e6 3. g3 c5 4. Nf3 cxd4 5. Nxd4 Nc6 6. Bg2 Qb6 7. Nxc6 bxc6 8.
O-O Be7 9. b3 d5 10. cxd5 cxd5 11. Nc3 Bb7 12. Be3 Qa5 13. Na4 O-O 14. Rc1 Ba3
15. Bc5 Bxc1 16. Bxf8 Rxf8 17. Qxc1 Rc8 18. Qf4 Qc7 19. Qe3 Ba6 20. Re1 Bb5 21.
Qd4 Qa5 22. Qd1 h6 23. Bf3 Bxa4 24. bxa4 Rc4 25. Qb1 Rb4 26. Qc2 Qxa4 27. Qc8+
Kh7 28. Qf8 Rb7 29. a3 Qc6 30. h4 Qc7 31. a4 a5 32. Qa3 Qc2 33. Kg2 Rb4 34. Ra1
g6 35. Ra2 Qc4 36. e3 Kg7 37. Be2 Qe4+ 38. Bf3 Qb1 39. Ra1 Qc2 40. Bd1 Qe4+ 41.
Bf3 Qc4 42. Ra2 g5 43. hxg5 hxg5 44. Be2 Qe4+ 45. f3 Qb1 46. Ra1 Rb3 47. Qc1
Qxc1 48. Rxc1 Rxe3 49. Kf2 Ra3 50. Bb5 g4 0-1

[Event "Bundesliga 0102"]
[Site "Deutschland"]
[Date "2002.04.28"]
[Round "15.6"]
[White "Ellers, Holger"]
[Black "Heller, Achim"]
[Result "1-0"]
[WhiteElo "2444"]
[BlackElo "2027"]
[PlyCount "55"]
[EventDate "2001.10.06"]
[EventType "team"]
[EventRounds "15"]
[EventCountry "GER"]
[SourceTitle "Bundesliga 0102"]
[Source "DeepChess"]
[SourceDate "2005.01.01"]
[SourceVersion "1"]
[SourceVersionDate "2005.01.01"]
[SourceQuality "1"]
[WhiteTeam "SV Wattenscheid 1930"]
[BlackTeam "SGEM Heiligenhaus 1937 e. V."]
[WhiteTeamCountry "GER"]
[BlackTeamCountry "GER"]

1. d4 d5 2. Nf3 Nf6 3. c4 c6 4. Nc3 dxc4 5. a4 Bf5 6. e3 e6 7. Bxc4 Bb4 8. O-O
Nbd7 9. Qe2 Bg6 10. e4 Bxc3 11. bxc3 Nxe4 12. Ba3 Qc7 13. Rfe1 Nxc3 14. Qb2 Nd5
15. Bxd5 cxd5 16. Rac1 Qb6 17. Qc3 Rd8 18. a5 Qb5 19. Qc7 Qa6 20. Ne5 Bf5 21.
Rc6 bxc6 22. Nxc6 Qxc6 23. Qxc6 f6 24. Rxe6+ Kf7 25. Re7+ Kg6 26. f3 h5 27. Qc7
a6 28. Qg3+ 1-0

[Event "Bundesliga 0102"]
[Site "Deutschland"]
[Date "2002.04.28"]
[Round "15.7"]
[White "Perschke, Ulrich"]
[Black "Straeter, Timo"]
[Result "0-1"]
[WhiteElo "2216"]
[BlackElo "2310"]
[PlyCount "80"]
[EventDate "2001.10.06"]
[EventType "team"]
[EventRounds "15"]
[EventCountry "GER"]
[SourceTitle "Bundesliga 0102"]
[Source "DeepChess"]
[SourceDate "2005.01.01"]
[SourceVersion "1"]
[SourceVersionDate "2005.01.01"]
[SourceQuality "1"]
[WhiteTeam "SGEM Heiligenhaus 1937 e. V."]
[BlackTeam "SV Wattenscheid 1930"]
[WhiteTeamCountry "GER"]
[BlackTeamCountry "GER"]

1. d4 Nf6 2. c4 g6 3. Nc3 Bg7 4. e4 O-O 5. Nf3 d6 6. Be2 Nbd7 7. O-O e5 8. dxe5
dxe5 9. Qc2 c6 10. Rd1 Qc7 11. b3 Re8 12. Ba3 Bf8 13. Bxf8 Nxf8 14. Rd2 a5 15.
Rad1 Bg4 16. Ne1 h5 17. h3 Bxe2 18. Rxe2 Ne6 19. Nf3 Kg7 20. Red2 Nc5 21. a3
Qb6 22. Rb1 Rad8 23. Rxd8 Qxd8 24. b4 axb4 25. axb4 Ne6 26. Nxe5 Nd4 27. Qd3
Rxe5 28. Rd1 Re7 29. Qxd4 Rd7 30. Nd5 cxd5 31. exd5 b5 32. d6 bxc4 33. Qxc4
Rxd6 34. Rxd6 Qxd6 35. b5 Nd7 36. Qc3+ Kf8 37. Qb2 Ke7 38. Qe2+ Qe5 39. Qf1 Kd8
40. Qb1 Qd5 0-1

[Event "Bundesliga 0102"]
[Site "Deutschland"]
[Date "2002.04.28"]
[Round "15.8"]
[White "Thiel, Thomas"]
[Black "Van Beers, Eddy"]
[Result "1-0"]
[WhiteElo "2314"]
[BlackElo "2323"]
[PlyCount "67"]
[EventDate "2001.10.06"]
[EventType "team"]
[EventRounds "15"]
[EventCountry "GER"]
[SourceTitle "Bundesliga 0102"]
[Source "DeepChess"]
[SourceDate "2005.01.01"]
[SourceVersion "1"]
[SourceVersionDate "2005.01.01"]
[SourceQuality "1"]
[WhiteTeam "SV Wattenscheid 1930"]
[BlackTeam "SGEM Heiligenhaus 1937 e. V."]
[WhiteTeamCountry "GER"]
[BlackTeamCountry "GER"]

1. e4 c5 2. Nf3 d6 3. d4 cxd4 4. Nxd4 Nf6 5. Nc3 a6 6. Bc4 e6 7. Bb3 b5 8. Bg5
Be7 9. Qf3 Qc7 10. e5 Bb7 11. exd6 Bxd6 12. Qe3 Be5 13. O-O-O Nbd7 14. f4 Bxd4
15. Rxd4 O-O 16. Rhd1 Rfe8 17. Qg3 Kh8 18. Qh4 Rac8 19. R1d3 Nd5 20. f5 Qe5 21.
Bd2 Nc5 22. Rh3 Nxb3+ 23. axb3 Qxf5 24. Rf3 Qe5 25. Re4 Qc7 26. Rh3 Nf6 27. Rf4
Be4 28. Rxe4 Qc5 29. Be3 Qf5 30. Rf4 Qg6 31. Rg3 Qh5 32. Qg5 Rg8 33. Rxf6 Qxh2
34. Rh6 1-0